000 01739nam0a2200349 4500
001 RU\NLR\bibl\1247991
005 20260406111627.0
010 _a978-5-360-00496-7
_93000
021 _aRU
_b2008-1257
035 _a(NLR Aleph) 001234129
090 _a217192
_c217192
100 _a20080702d2007 |||y0rusy50 ca
101 0 _arus
102 _aRU
105 _aa |||||||||
200 1 _aТехнология
_e6 класс
_eучебник для учащихся общеобразовательных учреждений
_f[В.Н. Правдюк, П.С. Самородский, В.Д. Симоненко и др.]
_gпод ред. В.Д. Симоненко
205 _aИзд. 2-е, перераб.
210 _aМосква
_cВентана-Граф
_d2007
215 _a237, [1] с.
_cил., цв. ил.
_d22
606 1 _aТрудовое обучение
_jУчебники для средней школы
_91841169
_3RU\NLR\auth\661125123
686 _aМ78я721-1
701 1 _4070
_aПравдюк
_bВ. Н.
_cд-р пед. наук
_gВалентина Николаевна
_9142897
_3RU\NLR\AUTH\770142933
701 1 _4070
_7ca
_8rus
_aСамородский
_bП. С.
_cд-р техн. наук
_f1947-
_gПетр Степанович
_97127
_3RU\NLR\AUTH\7724075
701 1 _4070
_7ca
_8rus
_aСимоненко
_bВ. Д.
_f1937-2006
_gВиктор Дмитриевич
_9105556
_3RU\NLR\auth\77122631
702 1 _4340
_7ca
_8rus
_aСимоненко
_bВ. Д.
_f1937-2006
_gВиктор Дмитриевич
_9105556
_3RU\NLR\auth\77122631
801 0 _aRU
_bNLR
_c20080702
_gRCR
801 1 _aRU
_bNLR
_c20080702
830 _aАвт. по кн
942 _cBOOK
980 _aNB